| 000 | 00734namaa2200217 i 4500 | ||
|---|---|---|---|
| 001 | 178940 | ||
| 003 | ES-MaACL | ||
| 005 | 20250626063218.0 | ||
| 008 | 110810s1906 fr | |||| ||fre d | ||
| 080 | _a576.8 | ||
| 100 | 1 |
_aLaloy, Léon, _d1867-1910 _9147579 |
|
| 245 | 1 | 0 |
_aParasitisme et mutualisme dans la nature / _cpar L. Laloy ; préface de M.A. Giard. |
| 260 | 0 |
_aParis : _bFélix Alcan, _c1906. |
|
| 300 |
_aVIII, 284 p. : _bil. ; _c22 cm. |
||
| 490 | 1 |
_aBibliothèque scientifique internationale ; _v107 |
|
| 650 | 4 |
_aParasitología. _9147580 |
|
| 700 | 1 |
_aGiard, A. _9147581 |
|
| 830 | 0 |
_aBibliothèque scientifique internationale ; _v107 _9186949 |
|
| 852 |
_aES-MaACL _jF-14435 |
||
| 999 |
_c178940 _d178940 |
||